Pro memoria Matice slovenskej /
Uložené v:
| Ďalší autori: | |
|---|---|
| Médium: | Kniha |
| Jazyk: | Slovak |
| Vydané: |
Martin :
Matica slovenská,
2000.
|
| Témy: | |
| ISBN: |
8070905654 (brož.) |
| Fyzický popis: |
112 s. ; 20 cm. |
| Tagy: |
Pridať tag
Žiadne tagy, Buďte prvý kto otaguje tento záznam!
|
Titul je dostupný aj v ... 

MARC
| LEADER | 00000nam a2200000 a 4500 | ||
|---|---|---|---|
| 001 | 000574591 | ||
| 005 | 20180309145727.0 | ||
| 008 | 160415s2000 xo er 0 slo d | ||
| 020 | |a 8070905654 (brož.) |z 8070905646 | ||
| 040 | |a SVKKK |b slo |c SVKKK |e AACR2 | ||
| 041 | 0 | |a slo | |
| 043 | |a e-xo--- | ||
| 044 | |a xo |c SK | ||
| 072 | 7 | |a 06 |x Organizácie všeobecnej povahy |2 konspekt | |
| 080 | |a 061 |2 2011 | ||
| 080 | |a 94(437.6) |2 2011 | ||
| 080 | |a (437.6) |2 2011 | ||
| 080 | |a (035) |2 2011 | ||
| 245 | 0 | 0 | |a Pro memoria Matice slovenskej / |c [zostavil a redakčne pripravil Tomáš Winkler]. |
| 260 | |a Martin : |b Matica slovenská, |c 2000. | ||
| 300 | |a 112 s. ; |c 20 cm. | ||
| 500 | |a Údaj o zost. prevzatý z rubu tit. strany | ||
| 610 | 2 | 7 | |a Matica slovenská |2 SVKKKKA |
| 650 | 0 | 7 | |a inštitúcie a organizácie |2 SVKKKPH |
| 651 | 7 | |a Slovensko |x dejiny |2 SVKKKPH | |
| 655 | 7 | |a príručky |2 SVKKKPH | |
| 700 | 1 | |a Winkler, Tomáš, |d 1940- |4 com |4 edt | |
| 910 | |a svkkk | ||
| 919 | |a 80-7090-565-4 | ||
| 998 | |a BK | ||
| 090 | |g SCKHL |k Sklad Pribinova 2. posch. |a III.188005 |j 937229 |i 2720132516 |s Absenčne | ||